[Event "Catalunya-chT Gp2 final"]
[Site "Barcelona"]
[Date "2016.04.16"]
[Round "4.2"]
[White "Castells Aloy, Jordi"]
[Black "Almeria Vivo, Marc"]
[Result "1-0"]
[WhiteElo "1969"]
[BlackElo "2183"]
[PlyCount "38"]
[EventDate "2016.03.12"]
[EventType "team-tourn"]
[EventRounds "4"]
[EventCountry "ESP"]
[SourceTitle "EXT 2017"]
[Source "ChessBase"]
[SourceDate "2016.10.25"]
[SourceVersion "1"]
[SourceVersionDate "2016.10.25"]
[SourceQuality "1"]
[WhiteTeam "Catalunya"]
[BlackTeam "Barbera"]
[WhiteTeamCountry "ESP"]
[BlackTeamCountry "ESP"]

1. e4 e6 2. d4 d5 3. exd5 exd5 4. Bd3 Bd6 5. Nc3 c6 6. Nge2 Bg4 7. f3 Bxf3 8. gxf3 Qh4+ 9. Kf1 Nf6 10. Be3 Nbd7 11. Qd2 Nh5 12. Kg2 0-0-0 13. Bg5 Nf4+ 14. Bxf4 Be7 15. Ng3 g6 16. Rhe1 h5 17. Re2 Rdg8 18. Rae1 Bd8 19. Nxd5 b6 1-0

[Event "Catalunya-chT Gp2 final"]
[Site "Barcelona"]
[Date "2016.04.02"]
[Round "2.4"]
[White "Ros Alonso, Jaume"]
[Black "Castells Aloy, Jordi"]
[Result "1-0"]
[WhiteElo "2033"]
[BlackElo "1969"]
[PlyCount "69"]
[EventDate "2016.03.12"]
[EventType "team-tourn"]
[EventRounds "4"]
[EventCountry "ESP"]
[SourceTitle "CBM 171 Extra"]
[Source "ChessBase"]
[SourceDate "2016.04.26"]
[SourceVersion "1"]
[SourceVersionDate "2016.04.26"]
[SourceQuality "1"]
[WhiteTeam "Sant Boi"]
[BlackTeam "Catalunya"]
[WhiteTeamCountry "ESP"]
[BlackTeamCountry "ESP"]

1. e4 c5 2. Nf3 Nc6 3. d4 cxd4 4. Nxd4 e5 5. Nb5 a6 6. Nd6+ Bxd6 7. Qxd6 Qf6 8. Qxf6 Nxf6 9. Nc3 Nb4 10. Kd2 d6 11. a3 Nc6 12. Bc4 Be6 13. Bd5 Rc8 14. Rd1 Bxd5 15. exd5 Nd4 16. Kd3 Ke7 17. f3 Rc5 18. Be3 Nxd5 19. Nxd5+ Rxd5 20. c4 Rc5 21. Bxd4 exd4 22. Re1+ Kd7 23. Re4 d5 24. Rxd4 Kd6 25. cxd5 Rxd5 26. Re1 Rxd4+ 27. Kxd4 Rc8 28. Re2 Rc7 29. b4 b5 30. g3 Rc4+ 31. Kd3 Kd7 32. f4 a5 33. Rb2 axb4 34. axb4 Ke6 35. Re2+ 1-0

[Event "Manresa op 31st"]
[Site "Manresa"]
[Date "2014.11.08"]
[Round "7"]
[White "Castells Aloy, Jordi"]
[Black "Morante Jimenez, Andreu"]
[Result "0-1"]
[WhiteElo "2069"]
[BlackElo "1989"]
[PlyCount "98"]
[EventDate "2014.09.20"]
[EventType "swiss"]
[EventRounds "8"]
[EventCountry "ESP"]
[SourceTitle "EXT 2016"]
[Source "ChessBase"]
[SourceDate "2015.10.08"]
[SourceVersion "1"]
[SourceVersionDate "2015.10.08"]
[SourceQuality "1"]

1. e4 d6 2. d4 Nf6 3. Nc3 g6 4. Be3 Bg7 5. Qd2 Nc6 6. f3 e5 7. Nge2 exd4 8. Nxd4 Nxd4 9. Qxd4 Nh5 10. Qd2 Qh4+ 11. Bf2 Qf4 12. Nd5 Qxd2+ 13. Kxd2 Kd7 14. c3 c6 15. Ne3 Ke7 16. Kc2 Be6 17. Rd1 Bf6 18. Bc4 Rhd8 19. Rhe1 Nf4 20. Nd5+ cxd5 21. exd5 Be5 22. dxe6 Nxg2 23. Rg1 Nf4 24. exf7 d5 25. Bh4+ Bf6 26. Rge1+ Kxf7 27. Bxf6 Kxf6 28. Bb3 Rac8 29. Rd4 g5 30. Red1 Rc5 31. R1d2 b5 32. Kd1 a5 33. a3 h5 34. h4 Ne6 35. hxg5+ Kxg5 36. Rxd5+ Rdxd5 37. Rxd5+ Rxd5+ 38. Bxd5 Nc7 39. Bc6 Kf4 40. Ke2 Kg3 41. Kf1 h4 42. b3 h3 43. Kg1 h2+ 44. Kh1 Kh3 45. c4 bxc4 46. bxc4 Kg3 47. Bd5 Na6 48. Bb7 Nc5 49. Bc6 Nd3 0-1

[Event "Manresa op 31st"]
[Site "Manresa"]
[Date "2014.10.25"]
[Round "6"]
[White "Coll Enriquez, Lluis"]
[Black "Castells Aloy, Jordi"]
[Result "0-1"]
[WhiteElo "2282"]
[BlackElo "2069"]
[PlyCount "58"]
[EventDate "2014.09.20"]
[EventType "swiss"]
[EventRounds "8"]
[EventCountry "ESP"]
[SourceTitle "EXT 2016"]
[Source "ChessBase"]
[SourceDate "2015.10.08"]
[SourceVersion "1"]
[SourceVersionDate "2015.10.08"]
[SourceQuality "1"]

1. e4 c5 2. Nc3 a6 3. g3 b5 4. Bg2 Bb7 5. Nge2 Nf6 6. 0-0 e6 7. d3 d5 8. e5 Nfd7 9. f4 Be7 10. a3 Nc6 11. Kh1 Qb6 12. Bd2 0-0 13. Be1 a5 14. Bf2 b4 15. Na4 Qb5 16. c4 bxc3 17. bxc3 Rfd8 18. Rb1 Qa6 19. Qc2 Rab8 20. d4 cxd4 21. cxd4 Bxa3 22. f5 exf5 23. Nf4 Ne7 24. Nd3 Bc6 25. Nac5 Nxc5 26. Nxc5 Qc4 27. Qd2 Rxb1 28. Rxb1 Ba4 29. Qg5 Re8 0-1

[Event "Manresa op 31st"]
[Site "Manresa"]
[Date "2014.10.04"]
[Round "3"]
[White "Serralvo Martinez, Joan Antoni"]
[Black "Castells Aloy, Jordi"]
[Result "0-1"]
[WhiteElo "1908"]
[BlackElo "2069"]
[PlyCount "41"]
[EventDate "2014.09.20"]
[EventType "swiss"]
[EventRounds "8"]
[EventCountry "ESP"]
[SourceTitle "EXT 2016"]
[Source "ChessBase"]
[SourceDate "2015.10.08"]
[SourceVersion "1"]
[SourceVersionDate "2015.10.08"]
[SourceQuality "1"]

1. d4 Nf6 2. c4 g6 3. Nc3 d5 4. cxd5 Nxd5 5. Qa4+ Nc6 6. e3 Bg7 7. Nf3 0-0 8. Bd2 e5 9. dxe5 Nxe5 10. Nxe5 Bxe5 11. Qc4 Be6 12. Nxd5 Bxd5 13. Qc2 Qd6 14. e4 Bc6 15. Bd3 Rad8 16. Be2 Bxe4 17. Qxe4 Qxd2+ 18. Kf1 Qxb2 19. Rb1 Qxa2 20. Rxb7 Rfe8 21. Qf3 0-1

[Event "Manresa op 31st"]
[Site "Manresa"]
[Date "2014.09.20"]
[Round "1"]
[White "Clavel Oliveras, Guillem"]
[Black "Castells Aloy, Jordi"]
[Result "0-1"]
[WhiteElo "1816"]
[BlackElo "2069"]
[PlyCount "66"]
[EventDate "2014.09.20"]
[EventType "swiss"]
[EventRounds "8"]
[EventCountry "ESP"]
[SourceTitle "EXT 2016"]
[Source "ChessBase"]
[SourceDate "2015.10.08"]
[SourceVersion "1"]
[SourceVersionDate "2015.10.08"]
[SourceQuality "1"]

1. e4 c5 2. Nf3 Nc6 3. d4 cxd4 4. Nxd4 e5 5. Nb5 a6 6. Nd6+ Bxd6 7. Qxd6 Qf6 8. Qd2 Nge7 9. Nc3 d6 10. Bc4 0-0 11. 0-0 Qg6 12. Qg5 h6 13. Qxg6 Nxg6 14. Nd5 Be6 15. Be3 b5 16. Bb3 Rac8 17. a3 Na5 18. f4 Nxb3 19. cxb3 Bxd5 20. exd5 Rc2 21. fxe5 dxe5 22. Rf2 Rxf2 23. Kxf2 Rd8 24. Rd1 Rd7 25. Bc5 Nf4 26. d6 f5 27. g3 Nh3+ 28. Kg2 Ng5 29. Rd5 Nf7 30. a4 g6 31. axb5 axb5 32. Bb4 e4 33. Kf2 Kf8 0-1

[Event "Igualada and Anoia op 9th"]
[Site "Igualada"]
[Date "2014.02.01"]
[Round "3"]
[White "Esplugas Esteve, Vicenc"]
[Black "Castells Aloy, Jordi"]
[Result "1-0"]
[WhiteElo "2238"]
[BlackElo "1969"]
[PlyCount "59"]
[EventDate "2014.01.11"]
[EventType "swiss"]
[EventRounds "8"]
[EventCountry "ESP"]
[SourceTitle "EXT 2024"]
[Source "ChessBase"]
[SourceDate "2023.10.10"]
[SourceVersion "1"]
[SourceVersionDate "2023.10.10"]
[SourceQuality "1"]

1. d4 Nf6 2. c4 g6 3. Nc3 d5 4. cxd5 Nxd5 5. e4 Nxc3 6. bxc3 Bg7 7. Bc4 c5 8. Ne2 Nc6 9. Be3 0-0 10. 0-0 Qc7 11. Rc1 Rd8 12. Bf4 Be5 13. Qd2 b6 14. Bxe5 Nxe5 15. Qf4 cxd4 16. cxd4 Qxc4 17. Rxc4 Nxc4 18. d5 e5 19. Qg5 Rd6 20. Ng3 f6 21. Qh6 Bd7 22. f4 Ne3 23. fxe5 Ng4 24. Qc1 Nxe5 25. Qc7 Nf7 26. e5 Rc8 27. exd6 Rxc7 28. dxc7 f5 29. Rc1 Nd6 30. c8Q+ 1-0

[Event "Llobregat op 1st"]
[Site "Llobregat"]
[Date "2008.01.04"]
[Round "8"]
[White "Gonzalez Garcia, Sergi"]
[Black "Castells Aloy, Jordi"]
[Result "1-0"]
[WhiteElo "1911"]
[BlackElo "1988"]
[PlyCount "107"]
[EventDate "2007.12.26"]
[EventType "swiss"]
[EventRounds "9"]
[EventCountry "ESP"]
[SourceTitle "CBM 122 Extra"]
[Source "ChessBase"]
[SourceDate "2008.03.04"]
[SourceVersion "1"]
[SourceVersionDate "2008.03.04"]
[SourceQuality "1"]

1. e4 e5 2. Nf3 Nc6 3. d4 exd4 4. Nxd4 Nf6 5. Nc3 Bb4 6. Bg5 h6 7. Bxf6 Qxf6 8. Ndb5 Qe5 9. Qd2 a6 10. f4 Bxc3 11. Nxc3 Qd4 12. Bd3 d6 13. 0-0-0 Bg4 14. Rde1 0-0-0 15. h3 Bd7 16. Rhf1 Rde8 17. Rf3 Re7 18. Rfe3 f6 19. Nd5 Ree8 20. Kb1 Be6 21. c4 g5 22. Qf2 Bxd5 23. cxd5 gxf4 24. Qxf4 Ne5 25. Bf1 Ref8 26. Qf5+ Kb8 27. Rc3 Rf7 28. Rec1 Rg8 29. g4 Rg5 30. Qf4 h5 31. Be2 hxg4 32. hxg4 Ng6 33. Qf3 Re7 34. Rc4 Qe5 35. Qb3 Qh2 36. Rb4 b6 37. Bxa6 Qf2 38. Rbc4 Ne5 39. R4c2 Qd4 40. Qh3 Qxe4 41. Qh8+ Ka7 42. Qc8 c5 43. Bb5 Qxd5 44. Qa6+ Kb8 45. Qxb6+ Rb7 46. Qd8+ Ka7 47. Qa5+ Kb8 48. Bf1 Nc6 49. Qe1 Ra7 50. Qe8+ Kc7 51. a3 Rxg4 52. Bh3 Nb4 53. Qe7+ Kb6 54. Qd8+ 1-0

[Event "Llobregat op 1st"]
[Site "Llobregat"]
[Date "2008.01.03"]
[Round "7"]
[White "Castells Aloy, Jordi"]
[Black "Romeo Ros, Joaquin"]
[Result "1-0"]
[WhiteElo "1988"]
[BlackElo "1696"]
[PlyCount "57"]
[EventDate "2007.12.26"]
[EventType "swiss"]
[EventRounds "9"]
[EventCountry "ESP"]
[SourceTitle "CBM 122 Extra"]
[Source "ChessBase"]
[SourceDate "2008.03.04"]
[SourceVersion "1"]
[SourceVersionDate "2008.03.04"]
[SourceQuality "1"]

1. e4 c5 2. Nf3 d6 3. d4 cxd4 4. Nxd4 a6 5. Nc3 Nf6 6. Be3 e6 7. Qd2 b5 8. f3 Bb7 9. g4 Nbd7 10. 0-0-0 Ne5 11. h4 Nc4 12. Bxc4 bxc4 13. h5 Rb8 14. g5 Nd7 15. g6 Be7 16. h6 hxg6 17. hxg7 Rg8 18. Rh8 Nf6 19. Bg5 Kd7 20. e5 Nd5 21. Rxg8 Qxg8 22. Bxe7 Kxe7 23. Nxd5+ exd5 24. exd6+ Kf6 25. Rh1 Kxg7 26. Qh6+ Kf6 27. Qf4+ Kg7 28. Qe5+ f6 29. Qe7+ 1-0

[Event "Llobregat op 1st"]
[Site "Llobregat"]
[Date "2007.12.30"]
[Round "5"]
[White "Castells Aloy, Jordi"]
[Black "Shatko, Danil"]
[Result "0-1"]
[WhiteElo "1988"]
[BlackElo "1723"]
[PlyCount "68"]
[EventDate "2007.12.26"]
[EventType "swiss"]
[EventRounds "9"]
[EventCountry "ESP"]
[SourceTitle "CBM 122 Extra"]
[Source "ChessBase"]
[SourceDate "2008.03.04"]
[SourceVersion "1"]
[SourceVersionDate "2008.03.04"]
[SourceQuality "1"]

1. e4 e6 2. d4 d5 3. e5 c5 4. c3 Qb6 5. Nf3 Nc6 6. a3 c4 7. Be2 f6 8. 0-0 fxe5 9. Nxe5 Nxe5 10. dxe5 Bd7 11. Bh5+ g6 12. Bg4 0-0-0 13. Nd2 h5 14. Be2 g5 15. Nf3 g4 16. Nd4 Bg7 17. f4 gxf3 18. Bxf3 Bxe5 19. Bxh5 Nf6 20. g4 Rdg8 21. Kh1 Qc7 22. Rf2 Ne4 23. Rg2 Bxh2 24. Rxh2 Ng3+ 25. Kg1 Nxh5 26. g5 Nf4 27. Nf3 Rxh2 28. Kxh2 Ne2+ 29. Kg2 Qg3+ 30. Kf1 Qxf3+ 31. Ke1 Ng1 32. Qxf3 Nxf3+ 33. Ke2 Nxg5 34. Be3 Ne4 0-1